NPB1950年以降リーグ最多完投 - Statistics

General Stats
  • This quiz has been taken 21 times
  • The average score is 98 of 191
Answer Stats
年度 完投 Answer 所属 % Correct
2011 14 田中将大 楽天
82%
2012 8 田中将大 楽天
82%
1951 25 金田正一 国鉄
76%
1953 24 金田正一 国鉄
76%
28 金田正一 国鉄
76%
1955 34 金田正一 国鉄
76%
1961 32 権藤博 中日
76%
1963 25 金田正一 国鉄
76%
2014 3 菅野智之 巨人
76%
2016 5 菅野智之 巨人
76%
2017 6 菅野智之 巨人
76%
2018 10 菅野智之 巨人
76%
2 菅野智之 巨人
76%
2007 12 ダルビッシュ有 日本ハム
76%
2008 10 ダルビッシュ有 日本ハム
76%
2009 11 涌井秀章 西武
76%
2010 10 ダルビッシュ有 日本ハム
76%
2013 10 金子千尋 オリックス
76%
2014 9 則本昂大 楽天
76%
2015 5 大谷翔平 日本ハム
76%
5 涌井秀章 ロッテ
76%
2017 8 則本昂大 楽天
76%
2 涌井秀章 ロッテ
76%
2021 6 山本由伸 オリックス
76%
2022 4 山本由伸 オリックス
76%
8 上原浩治 巨人
71%
2003 11 上原浩治 巨人
71%
3 大瀬良大地 広島
71%
2015 7 藤浪晋太郎 阪神
71%
2019 6 大瀬良大地 広島
71%
4 戸郷翔征 巨人
71%
4 戸郷翔征 巨人
71%
2001 12 松坂大輔 西武
71%
2004 10 松坂大輔 西武
71%
2005 15 松坂大輔 西武
71%
2006 13 松坂大輔 西武
71%
2016 5 石川歩 ロッテ
71%
2019 2 千賀滉大 ソフトバンク
71%
2023 4 高橋光成 西武
71%
1965 26 村山実 阪神
65%
1966 24 村山実 阪神
65%
1968 26 江夏豊 阪神
65%
1970 25 江夏豊 阪神
65%
1971 16 江夏豊 阪神
65%
1991 17 桑田真澄 巨人
65%
2000 7 黒田博樹 広島
65%
2001 13 黒田博樹 広島
65%
8 黒田博樹 広島
65%
2004 7 黒田博樹 広島
65%
2005 11 黒田博樹 広島
65%
2006 9 三浦大輔 横浜
65%
2007 7 黒田博樹 広島
65%
2008 4 三浦大輔 横浜
65%
2009 6 三浦大輔 横浜
65%
2010 6 前田健太 広島
65%
2012 6 三浦大輔 横浜
65%
6 メッセンジャー 阪神
65%
3 大野雄大 中日
65%
3 メッセンジャー 阪神
65%
2020 10 大野雄大 中日
65%
2 柳裕也 中日
65%
2024 4 才木浩人 阪神
65%
1958 25 米田哲也 阪急
65%
1959 23 稲尾和久 西鉄
65%
1961 25 稲尾和久 西鉄
65%
1962 23 稲尾和久 西鉄
65%
1963 24 稲尾和久 西鉄
65%
1990 21 野茂英雄 近鉄
65%
1991 22 野茂英雄 近鉄
65%
1992 17 野茂英雄 近鉄
65%
2024 5 伊藤大海 日本ハム
65%
2025 6 伊藤大海 日本ハム
65%
25 別所毅彦 巨人
59%
1952 28 別所毅彦 巨人
59%
1956 26 別所毅彦 巨人
59%
1972 26 堀内恒夫 巨人
59%
1974 21 堀内恒夫 巨人
59%
21 外木場義郎 広島
59%
1975 17 外木場義郎 広島
59%
1981 20 江川卓 巨人
59%
1982 24 江川卓 巨人
59%
1986 17 北別府学 広島
59%
1989 21 斎藤雅樹 巨人
59%
1990 19 斎藤雅樹 巨人
59%
14 山本昌広 中日
59%
1995 16 斎藤雅樹 巨人
59%
1999 13 佐々岡真司 広島
59%
2011 7 館山昌平 ヤクルト
59%
2023 4 東克樹 横浜
59%
2025 6 床田寛樹 広島
59%
19 鈴木啓示 近鉄
59%
1969 28 鈴木啓示 近鉄
59%
1970 22 鈴木啓示 近鉄
59%
1971 25 鈴木啓示 近鉄
59%
1974 14 鈴木啓示 近鉄
59%
1975 25 東尾修 太平洋
59%
1976 24 鈴木啓示 近鉄
59%
1977 24 鈴木啓示 近鉄
59%
1978 30 鈴木啓示 近鉄
59%
1981 17 山田久志 阪急
59%
1983 23 鈴木啓示 近鉄
59%
1984 20 東尾修 西武
59%
1986 15 山田久志 阪急
59%
2003 11 岩隈久志 近鉄
59%
5 岸孝之 西武
59%
2018 5 多和田真三郎 西武
59%
2020 3 有原航平 日本ハム
59%
24 小山正明 大阪
53%
1962 26 小山正明 阪神
53%
1979 17 小林繁 阪神
53%
1980 21 小林繁 阪神
53%
2002 8 井川慶 阪神
53%
2013 6 能見篤史 阪神
53%
3 能見篤史 阪神
53%
2 西勇輝 阪神
53%
2 九里亜蓮 広島
53%
1964 25 小山正明 東京
53%
1966 23 小山正明 東京
53%
1996 13 西口文也 西武
53%
1964 24 バッキー 阪神
47%
1967 19 バッキー 阪神
47%
1993 14 今中慎二 中日
47%
1994 14 今中慎二 中日
47%
1996 12 ガルベス 巨人
47%
1997 8 ガルベス 巨人
47%
1998 9 川崎憲次郎 ヤクルト
47%
2021 2 小川泰弘 ヤクルト
47%
1965 26 尾崎行雄 東映
47%
1979 21 村田兆治 ロッテ
47%
1987 23 工藤公康 西武
47%
1988 21 西崎幸広 日本ハム
47%
1993 17 西崎幸広 日本ハム
47%
1997 13 黒木知宏 ロッテ
47%
2002 7 ミンチー ロッテ
47%
1960 22 杉浦忠 南海
41%
1989 21 阿波野秀幸 近鉄
41%
1994 16 伊良部秀輝 ロッテ
41%
2 美馬学 楽天
41%
1950 33 藤本英雄 巨人
35%
1954 28 長谷川良平 広島
35%
26 秋山登 大洋
35%
1957 27 秋山登 大洋
35%
1958 24 藤田元司 巨人
35%
1959 24 藤田元司 巨人
35%
1983 16 遠藤一彦 大洋
35%
1984 18 遠藤一彦 大洋
35%
1985 16 遠藤一彦 大洋
35%
1987 15 遠藤一彦 大洋
35%
1988 14 大野豊 広島
35%
3 山口俊 横浜
35%
5 山口俊 横浜
35%
1985 23 佐藤義則 阪急
35%
1998 10 小宮山悟 ロッテ
35%
2 山岡泰輔 オリックス
35%
3 井納翔一 横浜
29%
1956 20 梶本隆夫 阪急
29%
1957 26 梶本隆夫 阪急
29%
1967 19 池永正明 西鉄
29%
1968 27 皆川睦男 南海
29%
10 岩本勉 日本ハム
29%
1999 9 岩本勉 日本ハム
29%
2000 8 戎信行 オリックス
29%
1969 19 高橋一三 巨人
24%
1973 24 高橋一三 巨人
24%
2 高橋遥人 阪神
24%
2022 6 伊藤将司 阪神
24%
1973 16 成田文男 ロッテ
24%
1980 19 木田勇 日本ハム
24%
17 野田浩司 オリックス
24%
1976 18 池谷公二郎 広島
18%
12 野村収 大洋
18%
1995 15 グロス 日本ハム
18%
7 若田部健一 ダイエー
18%
1960 26 堀本律雄 巨人
12%
1992 13 仲田幸司 阪神
12%
1972 18 金田留広 東映
12%
21 高橋直樹 日本ハム
12%
8 前川勝彦 近鉄
12%
1977 14 高橋里志 広島
6%
1978 12 斉藤明雄 大洋
6%
14 ガリクソン 巨人
6%
1950 27 米川泰夫 東急
6%
1951 27 米川泰夫 東急
6%
1955 25 米川泰夫 東映
6%
25 土橋正幸 東映
6%
5 小島直哉 ロッテ
6%
12 松原明夫 広島
0%
1952 20 林義一 大映
0%
1953 26 林義一 大映
0%
1954 23 田中文雄 近鉄
0%
1982 20 水谷則博 ロッテ
0%
No matching quizzes found
Score Distribution
Percent of People with Each Score
Percentile by Number Answered
Your Score History
You have not taken this quiz